000
00247nam a2200109Ia 4500
008
220204s9999 xx 000 0 und d
082
_a
82-7
_b
PLA.6
100
_a
Playboy
245
0
_a
Party jokes. 6
260
_a
New York
_b
Jove
_c
1982
942
_c
BK
999
_c
38289
_d
38289